000 02574nam a22002777a 4500
999 _c64077
_d64077
003 Ge_BSU
005 20260325101057.0
008 260325s2024 ge ||||| |||| 00| 0 geo d
020 _a9789941346453
041 _ageo
080 _a811.353.1'373.211.1 ს-21
100 _aსამნიძე, დავით
_91405
245 _aქედის მუნიციპალიტეტის სოფლების დასახელებათა გეოგრაფიული მნიშვნელობები /
_cდავით სამნიძე, ნინი ცინცაძე, მამუკა ცინცაძე ; რედ: გიორგი მახარაშვილი, ედუარდ გოგრაჭაძე
264 _aთბილისი :
_bმერიდიანი,
_c 2024.
300 _a62 გვ. ;
_b20 სმ.
440 _aსაგანმანათლებლო სერიია მოსწავლის ბიბლიოთეაკა №1
_927187
504 _aბიბლიოგრაფია: გვ. 58-59
653 _aქართული ტოპონიმიკა.
653 _aქედის მუნიციპალიტეტის სოფლების სახელწოდებათა შესახებ არსებული ცნობების მოკლე მიმოხილვა ; ქედის მუნიციპალიტეტში ამჟამად არსებული სოფლების სახელწოდებათა მნიშვნელობები ; სხვადასხვა წყაროებში ქედის მუნიციპალიტეტის ტერიტორიაზე სოფლებად მითითებული დასახელებების მნიშვნელობები.
700 _aცინცაძე, ნინი
_927188
700 _aცინცაძე, მამუკა
_927189
700 _aმახარაშვილი, გიორგი
_eრედაქტორი
_95319
700 _aგოგრაჭაძე,ედუარდ
_eრედაქტორი
_927190
711 _a ა(ა)იპ საქართველოს საპატრიარქოს წმ. გრიგოლ ხანძთელის სახ. სკოლა, გეოგრაფიის კლუბი "სამშობლო".
_927191
942 _2udc
_cᲬᲘᲒᲜᲘ